01511nam a2200253 a 4500001001000000005001700010008004100027041000800068044000700076084002300083100003200106245008600138260001900224300002700243500018800270500041900458500004800877500002900925506009300954546005301047600004201100650004601142651006901188BRCA_513920190320204945.0221110s1824----mx-######v---#000-0#spa-# aspa amx aDOC130b.D66c18241 aDomínguez, José Ignacio10aDocumento firmado por Don José Ignacio DomínguezcJosé Ignacio Domínguez. aMéxicoc1824 a[4] fojasc32 x 23 cm. aDocumento que contiene informes Fiscales de algunos cargos de ese año: Sumas del Cargo y Data de enero; existencia para febrero; Sumas, Carga y Data de mayo; existencias para junio. aAl margen en la parte superior contiene dos sellos españoles uno con la efigie de Fernando VII y otro con el escudo de la Casa de Borbón y el lema: ´SELLO QUARTO, UN CUARTILLO. AÑOS DE 1822 Y 1823. Habilitado jurada por el Rey. La Constitución en 9 de marzo de 1828´ y al margen izquierdo sello con el escudo nacional y el lema: ´HABILITADO POR LA REPÚBLICA MEXICANA PARA LOS AÑOS DE 1824 Y 1825´. aEl documento contiene la leyenda DOC. #298. aPapel con marca de agua.0 aFondo Reservado. Para su consulta es necesario credencial de usuario y carta de motivos. aTexto en: español de principios del siglo XIX.14aDomínguez, José IgnacioxHistoria14aDocumentos legalesvManuscritosxHistoria 4aMéxicoxHistoriayPrimeros gobiernos independientes, 1821-1824